00776nam a2200193 a 450000100100000000500170001000800410002702000180006804000250008608200200011110000390013124500950017026000580026530000170032350000800034050000340042065000610045465000670051500004374720240402134029.0140422s2009 dr 000 0 spa d a9789993444718 aDO-SdBNPbspacBNPHU a347.7293bV648f1 aPotentini Adames, Trajano Vidal‏10aFormularios de los procedimientos Civil y Comercial Dominicano /cTrajano Vidal Potentini. aMoca, República Dominicana :bEditora Dalis,c2009. av. ;c24 cm. aLa biblioteca posee la sexta reimpresión de la primera edición del 1998 aLa biblioteca posee el v. 1-2 4aProcedimiento civilzRepública DominicanaxFormularios 4aLos tribunales de comerciozReública DominicanaxFormularios